RF and Microwave Passive and Active Technologies (Record no. 1779040)

MARC details
000 -LEADER
fixed length control field 01049nam a2200277Ia 4500
005 - DATE AND TIME OF LATEST TRANSACTION
control field 20260324130655.0
008 - FIXED-LENGTH DATA ELEMENTS--GENERAL INFORMATION
fixed length control field 008 260324s9999 xx 000 0 eng d
020 ## - INTERNATIONAL STANDARD BOOK NUMBER
International Standard Book Number 9781315221854
037 ## - SOURCE OF ACQUISITION
Stock number EBOOK
040 ## - CATALOGING SOURCE
Original cataloging agency CRL
040 ## - CATALOGING SOURCE
Language of cataloging eng
040 ## - CATALOGING SOURCE
Transcribing agency CRL
041 ## - LANGUAGE CODE
Source of code eng
041 ## - LANGUAGE CODE
Language code of text/sound track or separate title eng
084 ## - COLON CLASSIFICATION NUMBER
Assigning agency CRL
100 ## - MAIN ENTRY--PERSONAL NAME
Personal name John Wendler, P; Lawrence P. Dunleavy; Karl R. Varian; Tom McKay; Jack East; Jan Stake; Patrick Fay; Umesh K. Mishra; Michael S. Shur; John C. Cowles; James West; Mike Carroll; Prashant Chavarka; Julio Costa; David Anderson; H. Mike Harris; William Liu; Imran Mehdi; Ali Rezvani; Alfy Riddle; Jerry Whitaker; Mike Golio; Janet Golio; Robert Trew; Michael Steer; James C. Wiltse; Donald C. Malocha; Karl F. Etzold
9 (RLIN) 1182664
245 #0 - TITLE STATEMENT
Title RF and Microwave Passive and Active Technologies
260 ## - PUBLICATION, DISTRIBUTION, ETC.
Name of publisher, distributor, etc. Taylor and Francis
260 ## - PUBLICATION, DISTRIBUTION, ETC.
Date of publication, distribution, etc. 2007
365 ## - TRADE PRICE
Price type code
365 ## - TRADE PRICE
Price amount 340
856 ## - ELECTRONIC LOCATION AND ACCESS
Uniform Resource Identifier <a href="http://www.taylorfrancis.com/books/9781315221854">http://www.taylorfrancis.com/books/9781315221854</a>
942 ## - ADDED ENTRY ELEMENTS (KOHA)
Koha item type eBooks
Holdings
Withdrawn status Lost status Damaged status Not for loan Home library Current library Date acquired Total Checkouts Barcode Date last seen Price effective from Koha item type
        Central Library Central Library 2026-03-24   CL2061212 2026-03-24 2026-03-24 eBooks
Copyright @ Delhi University Library System